00700nam a2200241 a 4500001001300000003000900013005001700022008004100039020001000080082001800090100002800108245004700136260003600183300001000219500003500229505001000264650001600274700002800290902000800318942000700326952011000333999001500443nice12345678IN_TiNIC20260116011403.0050524s1933 laha grp 000 0 eng  ac10000a297.0954bSMI aSmith Wilfred, Cantwell aModern Islam in Indiab a Social Analysis. aLahorebMinerva Book Shopc1933 a399p. aincludes index and biblioraphy2 aIndex aIslam-India1 aSmith Wilfred, Cantwell bRHR cBK 00104070aHMIbHMId2007-07-26g100.00l3o297.0954 SMIp01684r2024-07-02s2024-05-02w2026-01-16yEB c1088d1088